000 00519nam a2200169 i 4500
001 92095
003 ES-MaACL
005 20230906180910.0
007 t|
008 050221s1914 xxk ||||1| eng d
100 1 _aLeyland, John.
_972101
245 1 0 _aThe Royal Navy
_b: Its influence in English History and the Grow the of Empire /
_cJohn Leyland.
260 _aCambridge :
_bUniv. Press,
_c1914.
300 _aX, 167 p. ;
_c16 cm.
651 4 _aGran BretaƱa-
_xHistoria naval.
_9162358
852 _aES-MaACL
_jD-3288
999 _c92095
_d92095